• 首页
  • 本馆介绍
  • 公告通知
  • 最新文献
  • 馆藏检索
  • 电子资源
  • 读者导购
  • 参考咨询
  • 我的图书馆
  • 登录
  • 详细信息显示
  • 放入我的书架
  • 预约/预借图书
  • 作者相关作品
  • 分类相关作品
  • 丛书相关作品
  • 出版社相关作品

书目信息

  • 表格格式
  • 工作单格式
  • 卡片格式
题名:
西方经济社会学史
    
 
作者: 刘少杰 主编
分册:  
出版信息: 北京   中国人民大学出版社  2013
页数: 419页
开本: 26cm
丛书名:
单 册:
中图分类: F069.9
科图分类:
主题词: 经济社会学--历史--西方国家--研究生--教材 , 经济社会学 , 历史
电子资源:
ISBN: 978-7-300-17155-5
000 00886nam0 2200265 450
001 523
005 20140908151053.46
010    @a978-7-300-17155-5@dCNY49.80
100    @a20130604d2013 em y0chiy50 ea
101 0  @achi
102    @aCN@b110000
105    @ay z 000yy
106    @ar
200 1  @a西方经济社会学史@AXi Fang Jing Ji She Hui Xue Shi@f刘少杰主编@FLiu Shao Jie Zhu Bian
210    @a北京@c中国人民大学出版社@d2013
215    @a419页@d26cm
300    @a21世纪社会学研究生系列教材
330    @a本书对古典、现代和当代不同历史时期的经济社会学主要代表人物的学术立场、基本观点、方法原则、理论贡献与思想局限做了明确评述。
606 0  @a经济社会学@x历史@x西方国家@x研究生@j教材
606 0  @a经济社会学
606 0  @a历史
690    @aF069.9@v5
701  0 @a刘少杰@ALiu Shao Jie@f(1953~)@4主编
801  0 @aCN@bTANGWEI@c20140603
905    @b0841490-92@dF069.9@e133@f3
    
    西方经济社会学史/刘少杰主编.-北京:中国人民大学出版社,2013
    419页;26cm
    21世纪社会学研究生系列教材
    
    ISBN 978-7-300-17155-5:CNY49.80
    本书对古典、现代和当代不同历史时期的经济社会学主要代表人物的学术立场、基本观点、方法原则、理论贡献与思想局限做了明确评述。
●
相关链接 在E读中查询图书 在五车中查询图书 在当当中查询图书 在豆瓣中查询图书


正题名:西方经济社会学史     索取号:F069.9/133         预约/预借

序号 登录号 条形码 馆藏地/架位号 状态 备注
1 0841490   208414900   第一样本阅览室/ [索取号:F069.9/133] 在馆    
2 0841491   208414919   第一借阅区/ [索取号:F069.9/133] 在馆    
3 0841492   208414928   密集书库-海洋学院/ [索取号:F069.9/133] 在馆    
唐山师范学院图书馆 欢迎您!
大连网信软件有限公司© 版权所有